[Event "Bundesliga 2021-22"]
[Site "Muelheim GER"]
[Date "2022.05.15"]
[Round "8.3"]
[Board "2"]
[White "Efimenko, Zahar"]
[Black "Khenkin, Igor"]
[Result "1/2-1/2"]
[WhiteTitle "GM"]
[BlackTitle "GM"]
[WhiteElo "2597"]
[BlackElo "2509"]
[WhiteTeam "SV Werder Bremen"]
[BlackTeam "SK Doppelbauer Turm Kiel"]
[WhiteFideId "14107201"]
[BlackFideId "4659600"]
[EventDate "2022.03.05"]

1. e4 c6 2. d4 d5 3. exd5 cxd5 4. Bd3 Nc6 5. c3 Nf6 6. Bf4 Bg4 7. Qb3 Qd7 8. Nd2
e6 9. Ngf3 Bd6 10. Bxd6 Qxd6 11. O-O O-O 12. Rae1 Bxf3 13. Nxf3 Qc7 14. Qc2 h6
15. Qe2 Rab8 16. a3 Rfe8 17. Ne5 Nxe5 18. dxe5 Nd7 19. f4 Nc5 20. Bb1 Qb6 21.
Kh1 Qa6 22. Qf2 Ne4 23. Bxe4 dxe4 24. Rxe4 Rbd8 25. h3 Rd5 26. Qe2 Qxe2 27. Rxe2
Rd3 28. Kh2 Red8 29. Rff2 g6 30. g4 Kg7 31. h4 a6 32. h5 gxh5 33. gxh5 R8d5 34.
Kg2 f6 35. Rf3 Rd2 36. Re3 Rxe2+ 37. Rxe2 Rd3 38. a4 Kf7 39. Kf2 fxe5 40. Rxe5
Rd2+ 41. Re2 Rd5 42. Re5 Rd2+ 43. Re2 Rd5 1/2-1/2

[Event "Bundesliga 2021-22"]
[Site "Muelheim GER"]
[Date "2022.05.15"]
[Round "8.3"]
[Board "3"]
[White "Markgraf, Alexander"]
[Black "Dziuba, Marcin"]
[Result "1/2-1/2"]
[WhiteTitle "IM"]
[BlackTitle "GM"]
[WhiteElo "2482"]
[BlackElo "2568"]
[WhiteTeam "SV Werder Bremen"]
[BlackTeam "SK Doppelbauer Turm Kiel"]
[WhiteFideId "4646410"]
[BlackFideId "1112953"]
[EventDate "2022.03.05"]

1. e4 c5 2. Nf3 d6 3. d4 cxd4 4. Nxd4 Nf6 5. Nc3 Nc6 6. Bg5 e6 7. Qd2 a6 8.
O-O-O Bd7 9. f4 Be7 10. Nf3 b5 11. Bxf6 gxf6 12. Kb1 Qb6 13. Bd3 O-O-O 14. Ne2
Kb8 15. f5 Bc8 16. Nf4 Na5 17. Rhe1 Rhe8 18. g4 d5 19. exd5 e5 20. Nh5 Bb7 21.
Qe2 Bxd5 22. Nd2 Nb7 23. Ne4 Nc5 24. Nxc5 Bxc5 1/2-1/2

[Event "Bundesliga 2021-22"]
[Site "Muelheim GER"]
[Date "2022.05.15"]
[Round "8.3"]
[Board "4"]
[White "Gavrilescu, David"]
[Black "Reuker, Jari"]
[Result "1/2-1/2"]
[WhiteTitle "IM"]
[WhiteElo "2512"]
[BlackElo "2425"]
[WhiteTeam "SK Doppelbauer Turm Kiel"]
[BlackTeam "SV Werder Bremen"]
[WhiteFideId "1227190"]
[BlackFideId "12909300"]
[EventDate "2022.03.05"]

1. e4 e5 2. Nf3 Nc6 3. Bc4 Bc5 4. c3 Nf6 5. d3 O-O 6. O-O d6 7. Bb3 a5 8. h3 h6
9. Nbd2 Be6 10. Bc2 Qb8 11. Re1 Qa7 12. Qe2 a4 13. Nf1 b5 14. a3 Na5 15. Be3
Bxe3 16. fxe3 c5 17. Ng3 g6 18. d4 Bc4 19. Qf2 Qe7 20. Rad1 Nh7 21. Nd2 Be6 22.
Rf1 Kg7 23. Nf3 Bc4 24. Rfe1 Rad8 25. Nd2 Be6 26. Nf3 Qf6 27. Nf1 Ng5 28. N1d2
Nc4 29. Nxc4 Bxc4 30. Nd2 Be6 31. Qxf6+ Kxf6 32. h4 Nh7 33. Nf3 Bg4 34. Rf1 Ke6
35. c4 Bxf3 36. gxf3 cxd4 37. cxb5 dxe3 38. Rfe1 Ra8 39. Rxe3 Rfb8 40. Bd3 Nf8
41. Rc1 Kd7 42. Rc6 Ne6 43. Bc4 Rc8 44. Bd5 Rab8 45. Rxc8 Kxc8 46. Rc3+ Kd7 47.
Rc4 Nc5 48. b3 axb3 49. Rb4 Kc7 50. Bxb3 f5 51. Bd5 fxe4 52. fxe4 Kb6 53. Rb2
Rf8 54. Rg2 Rf6 55. Bc6 Ne6 56. Be8 g5 57. hxg5 Nxg5 58. Rc2 Nf3+ 59. Kh1 Rf8
60. Bd7 Rg8 61. Rc1 Rg7 62. Be8 Nd4 63. a4 Rg4 64. Rb1 Rg8 65. Bh5 Ra8 66. Bd1
Ne6 67. Bc2 Rc8 68. Bb3 Nc5 69. Bc2 Ne6 70. Bb3 Nc5 71. Bc2 Ka5 72. Rd1 Rd8 73.
Kg2 Ne6 74. Bb3 Nc5 75. Bc2 Ne6 76. Bb3 Nd4 77. Bd5 Rc8 78. Rh1 Rc2+ 79. Kg3
Ne2+ 80. Kg4 Nc3 81. Rxh6 Nxa4 82. Rxd6 Kxb5 83. Kf5 Nc3 84. Kxe5 Rh2 85. Be6
Kc5 86. Rd8 Rh5+ 87. Bf5 Nxe4 88. Rc8+ Kb4 89. Kxe4 Rh4+ 90. Kd3 Kb5 91. Be4 Kb4
92. Kd4 Ka4 93. Rb8 Rg4 94. Kd5 Rh4 95. Bf3 Rb4 96. Ra8+ Kb3 97. Rc8 Rh4 98. Be4
Kb4 99. Kd4 Ka4 100. Rc4+ Kb5 101. Rc7 Kb4 102. Rb7+ Ka4 103. Rb1 Rg4 104. Rh1
Kb4 105. Rb1+ Ka4 106. Kd3 Ka5 107. Rb2 Rh4 108. Kd4 Ka4 109. Kd5 Ka3 110. Rb7
Rg4 111. Bd3 Rb4 112. Rxb4 Kxb4 113. Ke4 1/2-1/2

[Event "Bundesliga 2021-22"]
[Site "Muelheim GER"]
[Date "2022.05.15"]
[Round "8.3"]
[Board "5"]
[White "Wachinger, Nikolas"]
[Black "Parvanyan, Ashot"]
[Result "1-0"]
[BlackTitle "IM"]
[WhiteElo "2376"]
[BlackElo "2462"]
[WhiteTeam "SV Werder Bremen"]
[BlackTeam "SK Doppelbauer Turm Kiel"]
[WhiteFideId "12962791"]
[BlackFideId "13307550"]
[EventDate "2022.03.05"]

1. e4 e5 2. Nf3 Nc6 3. Bb5 a6 4. Ba4 d6 5. O-O Bd7 6. c4 g6 7. d4 Bg7 8. d5 Nce7
9. Nc3 h6 10. Ne1 f5 11. Nd3 f4 12. Bxd7+ Qxd7 13. Qa4 f3 14. Qxd7+ Kxd7 15. g3
g5 16. h3 Rf8 17. Rd1 Ng6 18. Ne1 h5 19. Bxg5 h4 20. g4 Bh6 21. Bc1 Bxc1 22.
Raxc1 Nf4 23. Kh2 Ne2 24. Rc2 Nd4 25. Rcd2 Nf6 26. Nc2 Nxc2 27. Rxc2 Nh7 28. Nb1
Ng5 29. Nd2 Rf4 30. Re1 b6 31. b4 Ra8 32. c5 bxc5 33. bxc5 Rb8 34. cxd6 cxd6 35.
Rec1 Ke8 36. Rc8+ Rxc8 37. Rxc8+ Kf7 38. Rh8 Nxe4 39. Nxe4 Rxe4 40. Rxh4 Kg6 41.
Rh8 Rd4 42. Ra8 Rxd5 43. Rxa6 Rd3 44. Kg3 e4 45. h4 Kh7 46. h5 d5 47. g5 Rd1 48.
Ra7+ Kg8 49. h6 Rh1 50. Rd7 1-0

[Event "Bundesliga 2021-22"]
[Site "Muelheim GER"]
[Date "2022.05.15"]
[Round "8.3"]
[Board "6"]
[White "Arndt, Magnus"]
[Black "Colbow, Collin"]
[Result "1-0"]
[WhiteTitle "FM"]
[BlackTitle "FM"]
[WhiteElo "2345"]
[BlackElo "2357"]
[WhiteTeam "SK Doppelbauer Turm Kiel"]
[BlackTeam "SV Werder Bremen"]
[WhiteFideId "12998656"]
[BlackFideId "16201132"]
[EventDate "2022.03.05"]

1. d4 Nf6 2. c4 e6 3. g3 d5 4. Bg2 dxc4 5. Nf3 a6 6. O-O Nc6 7. Qd2 Rb8 8. Ne5
Nxe5 9. dxe5 Nd5 10. Nc3 Nxc3 11. Qxc3 Bc5 12. Qxc4 Qd4 13. Qc2 Bb6 14. Bf4 O-O
15. Rad1 Qb4 16. Rd3 Qe7 17. Rfd1 h6 18. h4 c6 19. Qd2 Bc7 20. h5 c5 21. g4 c4
22. Rg3 Rd8 23. Qc1 Rxd1+ 24. Qxd1 Qd7 25. Qc1 Qd4 26. g5 hxg5 27. Rxg5 b5 28.
Be3 Qh4 29. f4 Bb6 30. Bxb6 Rxb6 31. Qd2 Kh7 32. Qc2+ Kh8 33. Qd2 Kh7 34. Be4+
Kh6 35. Bf3 Bb7 36. Rg4 Qh3 37. f5+ Kh7 38. Qg5 1-0

[Event "Bundesliga 2021-22"]
[Site "Muelheim GER"]
[Date "2022.05.15"]
[Round "8.3"]
[Board "8"]
[White "McShane, Luke J"]
[Black "Esipenko, Andrey"]
[Result "1/2-1/2"]
[WhiteTitle "GM"]
[BlackTitle "GM"]
[WhiteElo "2647"]
[BlackElo "2723"]
[WhiteTeam "SV Werder Bremen"]
[BlackTeam "SK Doppelbauer Turm Kiel"]
[WhiteFideId "404853"]
[BlackFideId "24175439"]
[EventDate "2022.03.05"]

1. e4 e5 2. Nf3 Nc6 3. Bb5 Nf6 4. O-O Nxe4 5. Re1 Nd6 6. Nxe5 Be7 7. Bf1 Nxe5 8.
Rxe5 O-O 9. d4 Bf6 10. Re2 Nc4 11. Nd2 d5 12. Nxc4 dxc4 13. Re1 Be6 14. c3 b5
15. Bf4 c6 16. Qh5 Bd5 17. Re3 g6 18. Qh3 Re8 19. Rae1 Rxe3 20. Qxe3 a5 21. g4
Bg7 22. a3 Qd7 23. h3 Bf8 24. Bh6 Bxh6 25. Qxh6 Qd6 26. Bg2 b4 27. Bxd5 Qxd5 28.
Re5 Qf3 29. Qe3 Qd1+ 30. Kg2 Qc2 31. Re8+ Rxe8 32. Qxe8+ Kg7 33. Qe5+ Kg8 34.
Qe8+ Kg7 35. Qe5+ Kg8 36. Qb8+ Kg7 37. axb4 axb4 38. Qe5+ Kg8 39. Qb8+ Kg7 40.
Qxb4 Qe4+ 41. Kg3 Qd3+ 42. f3 g5 43. Qe7 Qd2 44. Qe5+ f6 45. Qe7+ Kg6 46. Qe4+
Kg7 47. Qe7+ Kg6 48. Qe4+ 1/2-1/2

[Event "Bundesliga 2021-22"]
[Site "Muelheim GER"]
[Date "2022.05.15"]
[Round "8.4"]
[Board "1"]
[White "Moiseenko, Alexander"]
[Black "Grandelius, Nils"]
[Result "1/2-1/2"]
[WhiteTitle "GM"]
[BlackTitle "GM"]
[WhiteElo "2602"]
[BlackElo "2663"]
[WhiteTeam "SV Muelheim Nord"]
[BlackTeam "Hamburger SK"]
[WhiteFideId "14102560"]
[BlackFideId "1710400"]
[EventDate "2022.03.05"]

1. d4 Nf6 2. c4 g6 3. Nc3 d5 4. cxd5 Nxd5 5. e4 Nxc3 6. bxc3 Bg7 7. Nf3 c5 8.
Bb5+ Nc6 9. O-O O-O 10. Bxc6 bxc6 11. Qc2 cxd4 12. cxd4 Bg4 13. Ne5 Qxd4 14. Bb2
Qb6 15. Rab1 Bxe5 16. Bxe5 Qa5 17. Bc3 Qa6 18. Ba1 Be6 19. a4 Qc4 20. Qxc4 Bxc4
21. Rfc1 Rfb8 22. f3 Bd3 23. Rxb8+ Rxb8 24. Bd4 Rb4 25. Bc5 Rc4 26. Rxc4 Bxc4
27. Bxa7 f5 28. Kf2 Kf7 29. Ke3 e5 30. Bc5 Ke6 31. g3 h5 32. a5 Bf1 33. Kd2 Kd7
34. Ba3 Kc7 35. Ke3 Kd7 36. f4 exf4+ 37. Kxf4 fxe4 38. Kxe4 Kc7 39. Kd4 1/2-1/2

[Event "Bundesliga 2021-22"]
[Site "Muelheim GER"]
[Date "2022.05.15"]
[Round "8.4"]
[Board "2"]
[White "Svane, Rasmus"]
[Black "Fridman, Daniel"]
[Result "1/2-1/2"]
[WhiteTitle "GM"]
[BlackTitle "GM"]
[WhiteElo "2637"]
[BlackElo "2628"]
[WhiteTeam "Hamburger SK"]
[BlackTeam "SV Muelheim Nord"]
[WhiteFideId "4657101"]
[BlackFideId "11600454"]
[EventDate "2022.03.05"]

1. e4 e5 2. Nf3 Nf6 3. d4 Nxe4 4. Bd3 d5 5. Nxe5 Nd7 6. Nc3 Nxc3 7. bxc3 Bd6 8.
O-O O-O 9. Re1 c5 10. Nxd7 Qxd7 11. dxc5 Bxc5 12. Qh5 h6 13. Be3 Qc6 14. Bd4
Bxd4 15. cxd4 Bd7 16. Re3 Rae8 17. Rae1 Qc3 18. Rxe8 Bxe8 19. Qe5 Ba4 20. h3
Bxc2 1/2-1/2

[Event "Bundesliga 2021-22"]
[Site "Muelheim GER"]
[Date "2022.05.15"]
[Round "8.4"]
[Board "3"]
[White "Novikov, Igor"]
[Black "Papp, Gabor1"]
[Result "1/2-1/2"]
[WhiteTitle "GM"]
[BlackTitle "GM"]
[WhiteElo "2551"]
[BlackElo "2574"]
[WhiteTeam "SV Muelheim Nord"]
[BlackTeam "Hamburger SK"]
[WhiteFideId "14100037"]
[BlackFideId "718602"]
[EventDate "2022.03.05"]

1. d4 Nf6 2. c4 e6 3. Nf3 d5 4. Nc3 dxc4 5. e4 b5 6. e5 Nd5 7. Nxb5 Nb6 8. Be2
Nc6 9. O-O Be7 10. Qd2 Bb7 11. Rd1 Qd7 12. Na3 Bxa3 13. bxa3 Ne7 14. Qc2 Bc6 15.
Bxc4 Nxc4 16. Qxc4 Bxf3 17. gxf3 O-O 18. Bd2 Nd5 19. Rab1 f6 20. f4 fxe5 21.
fxe5 Rf3 22. Rb3 Raf8 23. Bb4 R8f5 24. Rxf3 Rxf3 25. Qa6 Qe8 26. Kg2 Rf5 27. Bd2
Qg6+ 28. Kf1 h6 29. Rb1 Kh7 30. Rb3 Qg4 31. Qd3 Qh4 32. Be3 Qxh2 33. Qe4 Qh3+
34. Ke1 Qh2 35. Kf1 Qh5 36. Ke1 Qg6 37. Rb8 Qg1+ 38. Kd2 Qg6 39. Kd3 a6 40. Rb1
Qe8 41. Kd2 Qg6 42. Kd3 Rf8 43. Rc1 Rb8 44. Rc2 Qxe4+ 45. Kxe4 g6 46. Bd2 h5 47.
a4 Kg7 48. a5 Kf7 49. Rc6 Rb2 50. Kd3 h4 51. Rc1 Rb8 52. Rh1 Rh8 53. Rh3 Rh5 54.
Ke4 Ke8 55. f4 Ne7 1/2-1/2

[Event "Bundesliga 2021-22"]
[Site "Muelheim GER"]
[Date "2022.05.15"]
[Round "8.4"]
[Board "4"]
[White "Engel, Luis"]
[Black "Vrolijk, Liam"]
[Result "1-0"]
[WhiteTitle "GM"]
[BlackTitle "IM"]
[WhiteElo "2564"]
[BlackElo "2476"]
[WhiteTeam "Hamburger SK"]
[BlackTeam "SV Muelheim Nord"]
[WhiteFideId "12961523"]
[BlackFideId "1048333"]
[EventDate "2022.03.05"]

1. e4 e5 2. Nf3 Nc6 3. Bb5 a6 4. Ba4 Nf6 5. d3 Bc5 6. O-O b5 7. Bb3 d6 8. c3 h6
9. a4 Rb8 10. d4 Bb6 11. axb5 axb5 12. Na3 O-O 13. Nxb5 Bg4 14. Be3 exd4 15.
cxd4 Nxe4 16. Bd5 Qe8 17. Qc2 Nb4 18. Qxe4 Nxd5 19. Qxd5 c6 20. Qxd6 Bxf3 21.
Nc3 Bh5 22. Rfe1 Qd8 23. Bf4 Ra8 24. Rxa8 Qxa8 25. d5 Re8 26. Rf1 Rc8 27. Qe5
Bg6 28. h4 f6 29. Qe2 Re8 30. Qg4 Kh7 31. d6 Qa5 32. Bg3 Bf5 33. Qh5 Rd8 34. b4 1-0

[Event "Bundesliga 2021-22"]
[Site "Muelheim GER"]
[Date "2022.05.15"]
[Round "8.4"]
[Board "5"]
[White "Zelbel, Patrick"]
[Black "Svane, Frederik"]
[Result "1/2-1/2"]
[WhiteTitle "IM"]
[BlackTitle "IM"]
[WhiteElo "2458"]
[BlackElo "2496"]
[WhiteTeam "SV Muelheim Nord"]
[BlackTeam "Hamburger SK"]
[WhiteFideId "24624322"]
[BlackFideId "12923044"]
[EventDate "2022.03.05"]

1. e4 c5 2. c3 e5 3. Nf3 Nc6 4. Bc4 Nf6 5. Ng5 d5 6. exd5 Nxd5 7. Qh5 g6 8. Qf3
Qxg5 9. Bxd5 Nd8 10. O-O Qe7 11. d4 cxd4 12. cxd4 exd4 13. Bf4 g5 14. Bg3 Bg7
15. Na3 O-O 16. Nb5 Be6 17. Nc7 Rc8 18. Nxe6 fxe6 19. Qe4 Qf7 20. Bb3 Qf5 21.
Rae1 Kh8 22. Bd6 Rf7 23. Qxf5 Rxf5 24. Rc1 Rxc1 25. Rxc1 Nc6 26. Re1 e5 27. Bd5
Rf6 28. Bxe5 Nxe5 29. Rxe5 Rxf2 30. Re8+ Rf8 31. Rxf8+ Bxf8 32. Bxb7 1/2-1/2

[Event "Bundesliga 2021-22"]
[Site "Muelheim GER"]
[Date "2022.05.15"]
[Round "8.4"]
[Board "6"]
[White "Ftacnik, Lubomir"]
[Black "Hausrath, Daniel"]
[Result "1/2-1/2"]
[WhiteTitle "GM"]
[BlackTitle "GM"]
[WhiteElo "2495"]
[BlackElo "2480"]
[WhiteTeam "Hamburger SK"]
[BlackTeam "SV Muelheim Nord"]
[WhiteFideId "14900017"]
[BlackFideId "4617495"]
[EventDate "2022.03.05"]

1. d4 Nf6 2. Nf3 e6 3. c4 Nc6 4. g3 d5 5. Bg2 dxc4 6. Qa4 Bb4+ 7. Bd2 Nd5 8.
Bxb4 Nxb4 9. O-O Rb8 10. Na3 a6 11. Ne5 O-O 12. Nxc6 Nxc6 13. Qxc4 Qxd4 14. Bxc6
Qxc4 15. Nxc4 bxc6 16. Rfd1 e5 17. b3 Rb5 18. Rac1 Be6 19. Ne3 a5 20. Rxc6 a4
21. Nc4 axb3 22. axb3 e4 23. Rxc7 1/2-1/2

[Event "Bundesliga 2021-22"]
[Site "Muelheim GER"]
[Date "2022.05.15"]
[Round "8.4"]
[Board "7"]
[White "Feygin, Michael"]
[Black "Heinemann, Thies"]
[Result "1/2-1/2"]
[WhiteTitle "GM"]
[BlackTitle "GM"]
[WhiteElo "2456"]
[BlackElo "2495"]
[WhiteTeam "SV Muelheim Nord"]
[BlackTeam "Hamburger SK"]
[WhiteFideId "14103109"]
[BlackFideId "4601556"]
[EventDate "2022.03.05"]

1. e4 c5 2. Nf3 d6 3. d4 cxd4 4. Nxd4 Nf6 5. Nc3 a6 6. Be3 e5 7. Nb3 Be6 8. f3
h5 9. Qd2 Nbd7 10. Nd5 Bxd5 11. exd5 g6 12. Na5 Qc7 13. c4 Bg7 14. Rc1 e4 15.
Be2 exf3 16. gxf3 O-O 17. O-O Rfe8 18. b4 Kh7 19. Bf4 Nb6 20. Bd3 Qd7 21. Rfe1
Rac8 22. Qf2 Qc7 23. Qg3 Rxe1+ 24. Rxe1 Re8 25. Rxe8 Nxe8 26. Qg5 Nf6 27. Qg3
Nc8 28. a3 Qd7 29. Bf1 Ne8 30. Bh3 f5 31. Qe1 Bd4+ 32. Kh1 Ng7 33. Qd1 Bf6 34.
c5 dxc5 35. bxc5 Ne6 36. Be3 Nxc5 37. Bxc5 1/2-1/2

[Event "Bundesliga 2021-22"]
[Site "Aachen GER"]
[Date "2022.05.15"]
[Round "8.5"]
[Board "1"]
[White "Volokitin, Andrei"]
[Black "Huschenbeth, Niclas"]
[Result "1-0"]
[WhiteTitle "GM"]
[BlackTitle "GM"]
[WhiteElo "2687"]
[BlackElo "2611"]
[WhiteTeam "Duesseldorfer SK"]
[BlackTeam "FC Bayern Muenchen"]
[WhiteFideId "14107090"]
[BlackFideId "24604747"]
[EventDate "2022.03.05"]

1. e4 e5 2. Nf3 Nc6 3. Bb5 a6 4. Ba4 Nf6 5. O-O Nxe4 6. d4 b5 7. Bb3 d5 8. dxe5
Be6 9. Qe2 Nc5 10. Rd1 Nxb3 11. axb3 Be7 12. c4 b4 13. Nbd2 Qc8 14. Nf1 dxc4 15.
Qe4 Qb7 16. Bg5 Na5 17. Qh4 Bxg5 18. Qxg5 Nxb3 19. Qxg7 Rf8 20. Ng5 Bd5 21. Nxh7
O-O-O 22. Nxf8 Nxa1 23. Rxa1 Kb8 24. Ne3 c3 25. e6 fxe6 26. bxc3 b3 27. Rb1 a5
28. Nd7+ Kc8 29. Nc5 Qb6 30. Qe7 b2 31. c4 Ba8 32. Qxe6+ Qxe6 33. Nxe6 Rd2 34.
Nc5 Bc6 35. Nb3 a4 36. Nxd2 a3 37. Rxb2 1-0

[Event "Bundesliga 2021-22"]
[Site "Aachen GER"]
[Date "2022.05.15"]
[Round "8.5"]
[Board "2"]
[White "Santos Ruiz, Miguel"]
[Black "Haria, Ravi"]
[Result "1/2-1/2"]
[WhiteTitle "GM"]
[BlackTitle "GM"]
[WhiteElo "2597"]
[BlackElo "2499"]
[WhiteTeam "FC Bayern Muenchen"]
[BlackTeam "Duesseldorfer SK"]
[WhiteFideId "22291482"]
[BlackFideId "415820"]
[EventDate "2022.03.05"]

1. c4 e6 2. Nc3 d5 3. d4 Be7 4. Bf4 Nf6 5. e3 O-O 6. Nf3 Nbd7 7. c5 Ne4 8. h4 c6
9. Qc2 f5 10. Be2 Bf6 11. g4 g6 12. gxf5 exf5 13. Rg1 Kh8 14. Ng5 Nxg5 15. hxg5
Bg7 16. O-O-O Re8 17. Kb1 Nf8 18. Bd3 Ne6 19. Ne2 b6 20. cxb6 Qxb6 21. Rc1 Ba6
22. Rgd1 Rac8 23. Qa4 1/2-1/2

[Event "Bundesliga 2021-22"]
[Site "Aachen GER"]
[Date "2022.05.15"]
[Round "8.5"]
[Board "3"]
[White "Orlov, Andrey"]
[Black "Dragnev, Valentin"]
[Result "1/2-1/2"]
[WhiteTitle "GM"]
[BlackTitle "GM"]
[WhiteElo "2491"]
[BlackElo "2546"]
[WhiteTeam "Duesseldorfer SK"]
[BlackTeam "FC Bayern Muenchen"]
[WhiteFideId "4125282"]
[BlackFideId "1634852"]
[EventDate "2022.03.05"]

1. e4 e5 2. Nf3 Nf6 3. d4 Nxe4 4. Bd3 d5 5. Nxe5 Nd7 6. Nxd7 Bxd7 7. Nd2 Nxd2 8.
Bxd2 Qe7+ 9. Qe2 Qxe2+ 10. Kxe2 Bd6 11. Rae1 Be6 12. f4 f5 13. Kf3 Kf7 14. Re2
Rhe8 15. Rhe1 Bd7 16. Rxe8 Rxe8 17. Rxe8 Kxe8 18. h3 h5 19. h4 g6 20. g3 b5 21.
b4 1/2-1/2

[Event "Bundesliga 2021-22"]
[Site "Aachen GER"]
[Date "2022.05.15"]
[Round "8.5"]
[Board "4"]
[White "Bischoff, Klaus"]
[Black "Berelowitsch, Alexander"]
[Result "1/2-1/2"]
[WhiteTitle "GM"]
[BlackTitle "GM"]
[WhiteElo "2493"]
[BlackElo "2506"]
[WhiteTeam "FC Bayern Muenchen"]
[BlackTeam "Duesseldorfer SK"]
[WhiteFideId "4600045"]
[BlackFideId "14101440"]
[EventDate "2022.03.05"]

1. d4 Nf6 2. Nf3 e6 3. c4 c5 4. e3 d5 5. cxd5 exd5 6. Bb5+ Bd7 7. Be2 Nc6 8. O-O
a6 9. Nc3 Be6 10. b3 Bd6 11. dxc5 Bxc5 12. Bb2 O-O 13. Rc1 Bd6 14. Na4 Ne4 15.
Nd4 Nxd4 16. Qxd4 f6 17. f4 Qa5 18. Bd3 Rad8 19. Bxe4 dxe4 20. Qxe4 Bd5 21. Qf5 1/2-1/2

[Event "Bundesliga 2021-22"]
[Site "Aachen GER"]
[Date "2022.05.15"]
[Round "8.5"]
[Board "5"]
[White "Levin, Felix"]
[Black "Zajogin, Alexander"]
[Result "1/2-1/2"]
[WhiteTitle "GM"]
[WhiteElo "2456"]
[BlackElo "2399"]
[WhiteTeam "Duesseldorfer SK"]
[BlackTeam "FC Bayern Muenchen"]
[WhiteFideId "4650905"]
[BlackFideId "13500430"]
[EventDate "2022.03.05"]

1. d4 Nf6 2. Nf3 e6 3. e3 b6 4. Bd3 Bb7 5. O-O Be7 6. c4 O-O 7. Nc3 d5 8. cxd5
exd5 9. b3 Ne4 10. Bb2 Nd7 11. Rc1 Nxc3 12. Bxc3 Bd6 13. b4 Qe7 14. Qb3 Nf6 15.
b5 a6 16. a4 axb5 17. axb5 Ra3 18. Qc2 Ne4 19. Bb2 Ra2 20. Qb3 Rfa8 21. Ra1 1/2-1/2

[Event "Bundesliga 2021-22"]
[Site "Aachen GER"]
[Date "2022.05.15"]
[Round "8.5"]
[Board "6"]
[White "Fedorovsky, Michael"]
[Black "Coenen, Michael"]
[Result "1/2-1/2"]
[WhiteTitle "IM"]
[BlackTitle "FM"]
[WhiteElo "2397"]
[BlackElo "2326"]
[WhiteTeam "FC Bayern Muenchen"]
[BlackTeam "Duesseldorfer SK"]
[WhiteFideId "14105454"]
[BlackFideId "4697367"]
[EventDate "2022.03.05"]

1. d4 Nf6 2. c4 g6 3. Nc3 d5 4. cxd5 Nxd5 5. e4 Nxc3 6. bxc3 Bg7 7. Nf3 c5 8.
Be2 O-O 9. O-O Bg4 10. Be3 cxd4 11. cxd4 Nc6 12. d5 Bxa1 13. Qxa1 Na5 14. Bh6 f6
15. Bxf8 Qxf8 16. Qd4 Qd8 17. Rd1 Rc8 18. e5 Bxf3 19. Bxf3 fxe5 20. Qxe5 Qd6 21.
Qe3 b6 22. Bg4 Rc4 23. Be6+ Kg7 24. g3 Nc6 25. Qe2 Rd4 26. Rd3 Rxd3 27. Qxd3 Nd8
28. Qd4+ Kh6 29. Qe3+ Kg7 30. Qd4+ Kh6 31. Qd2+ Kg7 32. Qc3+ Kh6 33. Qd2+ Kg7
34. Qb2+ Kh6 35. Qc1+ Kg7 36. Qc3+ Kh6 37. Qd2+ 1/2-1/2

[Event "Bundesliga 2021-22"]
[Site "Aachen GER"]
[Date "2022.05.15"]
[Round "8.5"]
[Board "7"]
[White "Harff, Marcel"]
[Black "Meister, Peter"]
[Result "1/2-1/2"]
[WhiteTitle "FM"]
[BlackTitle "IM"]
[WhiteElo "2359"]
[BlackElo "2346"]
[WhiteTeam "Duesseldorfer SK"]
[BlackTeam "FC Bayern Muenchen"]
[WhiteFideId "24621382"]
[BlackFideId "4600207"]
[EventDate "2022.03.05"]

1. c4 c5 2. Nf3 g6 3. g3 b6 4. Bg2 Bb7 5. d4 cxd4 6. Qxd4 Nf6 7. Nc3 Bg7 8. O-O
O-O 9. Qh4 d6 10. Bh6 Nbd7 11. Bxg7 Kxg7 12. Rfd1 Rc8 13. b3 h6 14. Qd4 Re8 15.
Ne1 Bxg2 16. Nxg2 Qc7 17. Ne3 Qc5 18. Ncd5 Qxd4 19. Rxd4 h5 20. h4 Kf8 21. Kf1 1/2-1/2

[Event "Bundesliga 2021-22"]
[Site "Aachen GER"]
[Date "2022.05.15"]
[Round "8.5"]
[Board "8"]
[White "Rafiee, Makan"]
[Black "Hainke, Guntram"]
[Result "1/2-1/2"]
[WhiteTitle "FM"]
[BlackTitle "FM"]
[WhiteElo "2338"]
[BlackElo "2302"]
[WhiteTeam "FC Bayern Muenchen"]
[BlackTeam "Duesseldorfer SK"]
[WhiteFideId "24609340"]
[BlackFideId "24619094"]
[EventDate "2022.03.05"]

1. e4 c6 2. d4 d5 3. Nc3 dxe4 4. Nxe4 Bf5 5. Ng3 Bg6 6. Nf3 Nd7 7. h4 h6 8. Bd3
Bxd3 9. Qxd3 e6 10. Bd2 Ngf6 11. O-O-O Be7 12. Qe2 O-O 13. Nf1 c5 14. Rg1 cxd4
15. g4 Qb6 16. g5 Nd5 17. gxh6 Ba3 18. Rxg7+ Kh8 19. bxa3 Nc3 20. Bxc3 dxc3 21.
Rh7+ Kg8 22. Rg7+ Kh8 23. Rh7+ 1/2-1/2

[Event "Bundesliga 2021-22"]
[Site "Aachen GER"]
[Date "2022.05.15"]
[Round "8.6"]
[Board "1"]
[White "Seel, Christian"]
[Black "Jones, Gawain C B"]
[Result "1/2-1/2"]
[WhiteTitle "IM"]
[BlackTitle "GM"]
[WhiteElo "2486"]
[BlackElo "2672"]
[WhiteTeam "Aachener SV"]
[BlackTeam "Muenchener Schachclub 1836"]
[WhiteFideId "4663098"]
[BlackFideId "409561"]
[EventDate "2022.03.05"]

1. Nf3 Nf6 2. g3 g6 3. Bg2 Bg7 4. O-O c5 5. b3 d6 6. d4 cxd4 7. Nxd4 d5 8. Bb2
O-O 9. c4 dxc4 10. bxc4 Nc6 11. Nxc6 bxc6 12. Qa4 Bd7 13. Bxc6 Bxc6 14. Qxc6 Rc8
15. Qa4 Rc5 16. Rd1 Qc8 17. Nd2 Qe6 18. Qxa7 Rfc8 19. Nf1 Ng4 20. Bxg7 Kxg7 21.
Qd7 Qxe2 22. Rd2 Qf3 23. Re1 R8c7 24. Qd4+ e5 25. Qd3 Qxd3 26. Rxd3 Rxc4 27. f3
e4 28. Rxe4 Rxe4 29. fxe4 Ne5 30. Rd5 Kf6 31. Kg2 Rc4 32. Rd2 Rxe4 33. Rf2+ Kg7
34. Nd2 Ra4 35. Nb3 g5 36. Re2 f6 37. Nc5 Ra3 38. Nb3 Kg6 39. Rd2 Ra4 40. Nc5
Rc4 41. Nb3 Rc3 42. Nd4 h5 43. Rc2 Rd3 44. Nb5 h4 45. a4 Kh5 46. Ra2 Nc4 47.
gxh4 g4 48. a5 Rd5 49. Nc3 Rf5 50. Kg1 Nxa5 51. Ne4 Kxh4 52. Nxf6 Nc4 53. Ne4
Rf4 54. Re2 Ne5 55. Kg2 Ng6 56. Kg1 Rf8 57. Rf2 Re8 58. Rf6 Rxe4 1/2-1/2